000 00955naa a22002777a 4500
001 BR7900704
003 BR-BrBNA
005 20240918174315.0
007 ta
008 230509b bl.||||| |||| 00| 0 por d
040 _aBR-BrBNA
_bpor
_cBiblioteca Nacional de Agricultura
041 _a(Pt)
072 _aH20
090 _aH20 BR7900704
100 1 _aRossi, N.M.M.
100 1 _aAzevedo, J.L. de
245 1 _aAcao de fungicidas em Aspergillus, 2: analise genetica de mutantes de Aspergillus nidulans resistentes a chloroneb [fungo, aspergilose]
260 3 _aPiracicaba, SP (Brasil):
_c1978.
500 _aRelatorio cientifico - 1977 Piracicaba, SP (Brasil): 1978. p. 127-129 (BR7900704-AM)H20
650 _aFUNGO
650 _aMUTACAO
650 _aFUNGICIDA
773 0 _tRelatorio cientifico - 1977 : no. 11 /
_wF30 BR7900679
_gPiracicaba, SP (Brasil), 1978.
_q175 p.
909 _a202404
_bLucia
_c55
_dLucia Elande
942 _cAM
_2AGRIS
999 _c310273
_d310273